| 000 | 00699nam a22002057a 4500 | ||
|---|---|---|---|
| 005 | 20260507140219.0 | ||
| 010 | _aENG-148160 | ||
| 020 |
_a9789391211318 _c4195.00 |
||
| 035 | _aEN-131692 | ||
| 037 | _bDBAD | ||
| 082 |
_a347.540502448 _218 |
||
| 100 |
_aNaidu, Dama Seshadri _989019 |
||
| 245 |
_aThe Code of Civil Procedure / _cDama Seshadri Naidu [and] Namit Saxena |
||
| 250 | _a18 | ||
| 260 |
_aHaryana _bLexisNexis _c2024 |
||
| 270 |
_bHaryana _a14th floor,Building No 10,Tower-B,DLF Cyber City,Phase-II _e122002 _k911244774444 _mhelp.in@lexisnexis.com |
||
| 300 |
_acclxvui,2031p _c24cm (hb) |
||
| 700 |
_aSaxena, Namit _eAuthor |
||
| 942 |
_2ddc _cEN _h347.5405024468 _mNAI |
||
| 999 |
_c216092 _d216092 |
||